000 00788cab a22001935a 4500
001 L145138
008 080910e20080905xxkd f 000 0 eng d
035 _a(Sirsi) u145138
041 0 _aeng
100 1 _aMayer, Peter
245 0 0 _aWhat it costs
_bgarage doors
260 _c2008
490 0 _aBuilding
_v273(8545) 05 September 2008, 77(1)
520 _aPresents the maintenance issues and lifecycle costs of residential garage doors. Sums up the different types of doors, their components and maintain them. Table shows sample specification options for residential garage doors (capital cost per door, net present value for 60 years, and estimated service life).
590 _aKA
651 4 _aEngland and Wales
_y1543-
690 _aBUILT ENVIRONMENT-BUILDING COSTS
942 _n0
999 _c80720
_d80720